00360 2200157 4500001002100000005001500021035002000036245004700056100002400103250000600127300001200133260002300145082000800168084001400176990001200190INLIS00000000000249720250604112331 a0010-06250000831 aSenja di Candi Dara /cAkyantha Soetra, MA0 aAkyantha Soetra, MA a1 a225 hlm bGita Nagari,c2002 a813 a813 AKY s a0712308